• 首页
  • 本馆介绍
  • 公告通知
  • 最新文献
  • 馆藏检索
  • 电子资源
  • 读者导购
  • 参考咨询
  • 我的图书馆
  • 登录
  • 详细信息显示
  • 放入我的书架
  • 预约/预借图书
  • 作者相关作品
  • 分类相关作品
  • 丛书相关作品
  • 出版社相关作品

书目信息

  • 表格格式
  • 工作单格式
  • 卡片格式
题名:
企业如何掌控现金流
    
 
作者: 段九利 著
分册:  
出版信息: 北京   中国市场出版社  2007.04
页数: 257页
开本: 24cm
丛书名:
单 册:
中图分类: F275.1
科图分类:
主题词: 企业管理--现金管理 , 企业管理 , 现金管理
电子资源:
ISBN: 978-7-5092-0186-2
000 01027nam0 2200253 450
001 003472213
005 20070806090746.0
010    @a978-7-5092-0186-2@dCNY36.00@z7-5092-0186-1
100    @a20100913d2007 em y0chiy0110 ea
101 0  @achi
102    @aCN@b110000
105    @ay z 000yy
200 1  @a企业如何掌控现金流@Aqi ye ru he zhang kong xian jin liu@e现金流管理的方法与技巧@f段九利著
210    @a北京@c中国市场出版社@d2007.04
215    @a257页@d24cm
330    @a本书详细介绍了现金流运动的规律及其分析方法;阐述了企业现金流战略选择的原则和策略,并就企业可能遇到的现金流风险提供了具体的预警及防范措施;从收款和支付两个角度,介绍了企业掌控现金流的各种技术方法;讲述了保持良好的银行关系对于维持企业现金流平衡的重要性。
517 1  @a现金流管理的方法与技巧@Axian jin liu guan li de fang fa yu ji qiao
606 0  @a企业管理@x现金管理
606 0  @a企业管理
606 0  @a现金管理
690    @aF275.1@v5
701  0 @a段九利@Aduan jiu li@c(女,@f1969~)@4著
905    @aBZT@dF275.1@e10
906    @dCNY36.00@n0@r1
    
    企业如何掌控现金流:现金流管理的方法与技巧/段九利著.-北京:中国市场出版社,2007.04
    257页;24cm
    
    
    ISBN 978-7-5092-0186-2:CNY36.00
    本书详细介绍了现金流运动的规律及其分析方法;阐述了企业现金流战略选择的原则和策略,并就企业可能遇到的现金流风险提供了具体的预警及防范措施;从收款和支付两个角度,介绍了企业掌控现金流的各种技术方法;讲述了保持良好的银行关系对于维持企业现金流平衡的重要性。
●
相关链接 在五车中查询图书 在当当中查询图书 在豆瓣中查询图书


正题名:企业如何掌控现金流     索取号:F275.1/10         预约/预借

序号 登录号 条形码 馆藏地/架位号 状态 备注
1 766218   2000766218   中心书库北库/ 北库014架A面2列5层40/ [索取号:F275.1/10] 在馆    
2 766219   2000766219   中心书库北库/ 北库014架A面2列5层41/ [索取号:F275.1/10] 在馆    
3 766220   2000766220   中心书库北库/ 北库014架A面2列5层42/ [索取号:F275.1/10] 在馆    
4 766221   2000766221   中心书库北库/ 北库014架A面2列5层43/ [索取号:F275.1/10] 在馆    
5 766222   2000766222   中心书库北库/ 北库014架A面2列5层44/ [索取号:F275.1/10] 在馆    
6 766223   2000766223   中心书库北库/ 北库014架A面2列5层45/ [索取号:F275.1/10] 在馆    
7 766224   2000766224   中心书库北库/ 北库014架A面2列5层36/ [索取号:F275.1/10] 在馆    
8 766225   2000766225   中心书库北库/ 北库014架A面2列5层37/ [索取号:F275.1/10] 在馆    
9 766226   2000766226   中心书库北库/ 北库014架A面2列5层38/ [索取号:F275.1/10] 在馆    
10 766227   2000766227   中心书库北库/ 北库014架A面2列5层39/ [索取号:F275.1/10] 在馆    
山东省滨州职业学院图书馆 欢迎您!
大连网信软件有限公司© 版权所有